Bank disputes; or, Credit without abuse. Submitted to the considerate observation of stock-holders in the charter'd banks for Scotland.

Bibliographic Details
Corporate Author: Gale (Firm)
Format: eBook
Language:English
Subjects:
Online Access:Connect to the full text of this electronic book

MARC

Tag First Indicator Second Indicator Subfields
LEADER 00000cam a2200000 4500
001 in00003817618
005 20190415185716.0
006 m o d
007 cr |n||||||||n
008 890213s1778 stk|||| o 00||||eng c
035 |a (CU-RivES)T188681 
035 |a (Uk-ES)006283362 
035 |a (OCoLC)509453692 
040 |a Uk-ES  |c Uk-ES  |d CStRLIN  |d Cengage Gale  |d UtOrBLW 
050 4 |a HB151  |b .B365 1778 
245 0 0 |a Bank disputes; or, Credit without abuse. Submitted to the considerate observation of stock-holders in the charter'd banks for Scotland. 
264 3 |a Edinburgh :  |b Printed by R. Fleming and Company And sold by the booksellers in town and country,  |c M.DCC.LXXVIII. [1778] 
300 |a 1 online resource (15, 1 unnumbered pages)  
336 |a text  |b txt  |2 rdacontent 
337 |a computer  |b c  |2 rdamedia 
338 |a online resource  |b cr  |2 rdacarrier 
500 |a Price in square brackets: (Price Sixpence.) 
510 4 |a English Short Title Catalog,  |c T188681. 
500 |a Reproduction of original from University of London's Goldsmiths' Library. 
500 |a Electronic resource. 
650 0 |a Banks and banking  |z Scotland  |v Early works to 1800. 
650 0 |a Credit  |z Scotland  |v Early works to 1800. 
655 7 |a Electronic books.  |2 local 
710 2 |a Gale (Firm)  |0 http://id.loc.gov/authorities/names/no2008071348 
752 |a Great Britain  |b Scotland  |d Edinburgh. 
856 4 0 |u http://proxy.library.tamu.edu/login?url=http://find.galegroup.com/ecco/infomark.do?contentSet=ECCOArticles&docType=ECCOArticles&bookId=1596200200&type=getFullCitation&tabID=T001&prodId=ECCO&docLevel=TEXT_GRAPHICS&version=1.0&source=library&userGroupName=txshracd2898  |z Connect to the full text of this electronic book  |t 0 
999 f f |s fef824a4-7372-316a-9f26-c3a55f367f14  |i 673f8794-4b3f-366e-aa69-ac4a7600110f  |t 0 
952 f f |a Texas A&M University  |b College Station  |c Electronic Resources  |d Available Online  |t 0  |e HB151 .B365 1778  |h Library of Congress classification 
998 f f |a HB151 .B365 1778  |t 0  |l Available Online